| 000 | 01001nam a2200241 i 4500 | ||
|---|---|---|---|
| 001 | bg | ||
| 245 | 0 | 0 |
_aŚrodkowoeuropejskie Studia Polityczne.1/2005 = _bCentral European Political Studies. |
| 260 |
_aPoznań : _bWydaw. Naukowe Instytutu Nauk Politycznych i Dziennikarstwa Uniwersytetu im. Adama Mickiewicza, _c2005. |
||
| 490 | 1 | _x1731-7517 | |
| 500 | _aStreszcz. ang., pol. przy art. | ||
| 504 | _aBibliogr. przy art. | ||
| 650 | 9 |
_aPolityka _xa środki masowego przekazu _zPolska _yod 1989 r. |
|
| 650 | 9 |
_aŚrodki masowego przekazu _xa polityka _zPolska _yod 1989 r. |
|
| 651 | 9 |
_aPolska _xpolityka _zEuropa _yod 1989 r. |
|
| 655 | _aMateriały konferencyjne | ||
| 830 | _x1731-7517 | ||
| 040 | _cBPK | ||
| 041 | w |
_apoleng _beng |
|
| 080 | _a32:659.3/.4:316.65](438:4-191.2)"1989/..." | ||
| 942 | _cKS | ||
| 008 | s pl f |000 0 pol | ||
| 999 |
_c46144 _d46144 |
||
| 856 |
_uhttp://koha.tu.koszalin.pl/cgi-bin/koha/opac-detail.pl?biblionumber=46144 _yKatalog online BPK |
||